MDQL
is popping MORE tags! Check the
thread
!
Quizzes
Events
Quiz Creation
Community
Videos
Private Events
Remove Ads
Sign In
Join for FREE
Feedback
Dark Mode
Quiz Categories
Sports
Geography
Music
Movies
Television
Just For Fun
Miscellaneous
History
Literature
Language
Science
Gaming
Entertainment
Religion
Holiday
For Kids
Quiz Lab
Recent
Popular Today
Quiz Kudos Today
Editor Picks
Curator Picks
Quizzes by...
Day
Popularity
Type
Ratings
Length
Year
Community
Subscriptions
Recent Discussions
Orange Saloon
Badges
Playlists
Quests
Create
Leaderboards
Showdown
Live 5
Trivia Bingo
Activity
Puzzle Library
Sporcle Events
Private Events
Virtual Trivia
Globe League
Become a Host
Pub Owners
SporcleCon
Opinionation
Our Games
Videos
Blog
Mobile Apps
Partnerships
Remove Ads and Go Orange
Feedback
Sports
Athletes
MLB
NBA
NHL
NFL
Soccer
Sports Teams
WWE
NCAA
Football
Premier League
Basketball
Baseball
Hockey
Golf
Tennis
Cricket
Rugby
Auto Racing
Olympics
World Cup
Sports
Athletes
MLB
NBA
NHL
NFL
Soccer
Sports Teams
WWE
NCAA
Football
Premier League
Basketball
Baseball
Hockey
Golf
Tennis
Cricket
Rugby
Auto Racing
Olympics
World Cup
Random Quiz
Search Sporcle
×
Quiz Lab
Quiz Lab
Sports
Golf
Type in answers that appear in a list
Type in answers that appear in a list
Classic
Best Score? Go Orange.
Last 50 Golf Major Winners Stats
Can you name the winners of the last 50 majors?
By
alliballibi
5m
50 Questions
2,491 Plays
2,491 Plays
2,491 Plays
Comments
Comments
Give Quiz Kudos
Give Quiz Kudos
-
- Ratings
hide this ad
Replay
Link that replays current quiz
Next Quiz
Link to next quiz in quiz playlist
You Got
0%
They Got
Avg Score
82%
Avg Friend Score
Upgrade to see
Score Distribution
Jump to the score distribution portion of the page
Score
0/50
Timer
05:00
0
Plays Today
Tournament
Winner
% Correct
US Open 2008
Tiger Woods
97.6%
Open Championship 2006
Tiger Woods
97.6%
PGA Championship 2006
Tiger Woods
97.6%
PGA Championship 2007
Tiger Woods
97.6%
PGA Championship 2012
Rory McIlroy
95.7%
US Open 2011
Rory McIlroy
95.7%
Open Championship 2014
Rory McIlroy
95.7%
PGA Championship 2014
Rory McIlroy
95.6%
Open Championship 2017
Jordan Spieth
95%
Masters 2017
Sergio Garcia
94.7%
Masters 2015
Jordan Spieth
94.6%
US Open 2015
Jordan Spieth
94.6%
Masters 2010
Phil Mickelson
93.6%
Open Championship 2013
Phil Mickelson
93.5%
US Open 2016
Dustin Johnson
92.6%
US Open 2018
Brooks Koepka
92.4%
PGA Championship 2018
Brooks Koepka
92.4%
Open Championship 2015
Zach Johnson
91.9%
Masters 2013
Adam Scott
90.3%
Open Championship 2018
Francesco Molinari
90.2%
Open Championship 2016
Henrik Stenson
89.4%
Masters 2007
Zach Johnson
88.2%
Open Championship 2012
Ernie Els
87.7%
US Open 2017
Brooks Koepka
87.5%
PGA Championship 2015
Jason Day
87.3%
Tournament
Winner
% Correct
Open Championship 2008
Padraig Harrington
87.3%
PGA Championship 2008
Padraig Harrington
87.3%
Open Championship 2007
Padraig Harrington
87.3%
US Open 2013
Justin Rose
87.1%
US Open 2014
Martin Kaymer
86.9%
PGA Championship 2010
Martin Kaymer
85.7%
Masters 2014
Bubba Watson
85.5%
Masters 2012
Bubba Watson
85.2%
Masters 2009
Angel Cabrera
85%
US Open 2007
Angel Cabrera
85%
Masters 2016
Danny Willett
84.6%
Masters 2017
Patrick Reed
84.4%
PGA Championship 2017
Justin Thomas
81.4%
US Open 2010
Graeme McDowell
78.1%
Open Championship 2011
Darren Clarke
76.9%
Masters 2011
Charl Schwartzel
72.4%
Open Championship 2010
Louis Oosthuizen
70.8%
PGA Championship 2009
Yang Yong-eun
66.9%
Masters 2008
Trevor Immelman
64.3%
PGA Championship 2016
Jimmy Walker
64%
PGA Championship 2013
Jason Dufner
60.4%
Open Championship 2009
Stewart Cink
59.7%
US Open 2012
Webb Simpson
57.1%
PGA Championship 2011
Keegan Bradley
55.7%
US Open 2009
Lucas Glover
45.1%
Quiz Playlist
Details
Report
Send in Message
Add To Playlist
Classic:
Type in answers that appear in a list
Quiz Source
Last Updated: Aug 14, 2017
Quiz Scoreboard
CHALLENGE
Sign Up to Join the Scoreboard
Show All
Scores
Hide
Comments
May contain spoilers
Recently Published
Holiday 10x10 Sorting Gallery
by lukepisani3
Holiday
15m
Two Season TV Shows II
by 123Four
Television
10m
Image Sorting: Flags VI
by Barbecue
Geography
2m
More to Explore
Quiz From the Vault
Featured Blog Post
14 Easter Pick-up Lines to Find Eggs With
hide this ad
You Might Also Like...
Tags
Golf Quiz
augusta
Augusta National
Championship
major
majors
open
Open Golf
PGA
Today's Top Quizzes in Sports
Browse Sports
hide this ad
Today's Top Quizzes in Golf
Browse Golf
Top Contributed Quizzes in Sports
1
Les meilleurs buteurs des matchs entre le PSG et l’OM
2
Les entraîneurs de l'OM et du PSG au 21e siècle
3
2022 World Cup Stars
4
Les joueurs passés par le PSG et l'OM
5
Players with Multiple 50 Home Run Seasons
6
FIFA Club World Cup Champions
7
Top 10 NHL Goal Scorers of All Time
8
Les joueurs passés par le LOSC et le RC Lens
9
Criteria MLB: Left Handed Sluggers
10
2023 MLB Unique Player Accomplishments
Explore More
Trending Topics
Disney
Crossword
Anime
Harry Potter
Kpop
Marvel
NBA
Country
Puzzle
Soccer
Song
The Office
WWE
Pokémon
NFL
hide this ad
More By:
alliballibi
Quiz
Plays
Rating
Category
Featured
Created
Last 50 Golf Major Winners
2,491
4.00
Sports
Apr 18, 2013
Scottish Premiership Stadiums (Clickable)
489
3.67
Sports
Mar 31, 2014
UEFA Champions League Stadiums (Clickable)
381
3.60
Sports
Mar 31, 2014
EPL Stadiums (Clickable)
332
2.75
Sports
Mar 31, 2014
The Hardest Geography Quiz on Sporcle
309
3.67
Geography
Oct 30, 2013
Go to Creator's Profile
Score Distribution
Quiz Creator Spotlight
alliballibi
Follow
Send a Message
Quizzes Created
-
Created Quiz Play Count
-
More By This Creator
Popular Quizzes Today
1
Find the US States - No Outlines Minefield
2
Colored Red Africa Blitz
3
Find the 'City' Movie
4
The Countries of the World
5
Find the US States
6
5x2 Blitz: Bands
7
Find the Countries of Europe - No Outlines Minefield
8
US States
More Sports Quizzes
WWE World Heavyweight Champions
Curator's Pick
Trending Quizzes
Colored Red Europe Blitz I
Colored Red Europe Blitz II
Colored Red Africa Blitz II
Colored Red Europe Blitz III
Colored Red Africa Blitz III
Recently Updated
Odd Team Out - Big 4 Players
pecheneg
Quick Pick: 20 Twenties
pecheneg
March Madness Men's Triple Doubles
pecheneg
How Do You Spell That?
pecheneg
Godzilla Movies
pecheneg
Grab Bag: 4-10 Letters
pecheneg
2024 March Madness Bracket
pecheneg
Famous TV Couples
Peacemaker
Champions League XIs: Real Madrid
pecheneg
Largest US Cities 1790-2010
pecheneg
Trending Topics
Disney
Crossword
NBA
Harry Potter
Anime
Marvel
Kpop
Soccer
Pokémon
WWE
Country
Puzzle
Song
NFL
The Office
Your Account Isn't Verified!
In order to create a playlist on Sporcle, you need to verify the email address you used during registration. Go to your
Sporcle Settings
to finish the process.
Report this User
Report this user for behavior that violates our
Community Guidelines
.
Details:
Send Report
Go to the Sporcle.com Mobile Site →
Comments